RWBY - Boop lyrics - Statistics

General Stats
  • This quiz has been taken 33 times
  • The average score is 254 of 363
Answer Stats
Answer % Correct
Bo-oo-oo-oop
100%
Boop
100%
Boop!
100%
boop
100%
boop!
100%
Bo-op!
100%
I
95%
a
89%
time
89%
to
89%
When
89%
when
89%
you
89%
you?
89%
you!
89%
be
84%
by
84%
love
84%
my
84%
My
84%
Never
84%
never
84%
The
84%
the
84%
and
79%
And
79%
knew
79%
side
79%
that
79%
think
79%
been
74%
do?
74%
do
74%
Every
74%
in
74%
is
74%
it
74%
it!
74%
me
74%
me?
74%
on
74%
thing
74%
This
74%
weren't
74%
am
68%
can
68%
can't
68%
could
68%
for
68%
have
68%
Have
68%
just
68%
know
68%
might
68%
say
68%
seen
68%
so
68%
So
68%
there
68%
thought
68%
want
68%
what
68%
with
68%
always
63%
Always
63%
But
63%
but
63%
gone
63%
got
63%
I'm
63%
it's
63%
Like
63%
now?
63%
of
63%
one
63%
right
63%
start
63%
was
63%
while
63%
would
63%
your
63%
You've
63%
all
58%
All
58%
believe
58%
blind?
58%
clue
58%
count
58%
did
58%
dream
58%
Everything
58%
everything
58%
fall
58%
family
58%
happening!
58%
hope
58%
lost
58%
mind?
58%
mind
58%
oh,
58%
our
58%
bite
53%
brand
53%
come
53%
didn't
53%
different
53%
Even
53%
faint!
53%
gonna
53%
haven't
53%
her
53%
I'll
53%
need
53%
new
53%
other
53%
seemed
53%
tongue
53%
well,
53%
We'll
53%
you're
53%
along
47%
castle
47%
does
47%
feeling
47%
from
47%
front
47%
has
47%
If
47%
knees
47%
long,
47%
long
47%
same
47%
shaking
47%
their
47%
things
47%
together
47%
We've
47%
about
42%
brain
42%
crush
42%
flips
42%
heart
42%
Hold
42%
join
42%
reign
42%
share
42%
stomach
42%
stop!
42%
Bring
37%
don't
37%
enemies
37%
flops
37%
help
37%
Magnhild!
37%
them
37%
babble...
32%
chatelaine
32%
goes
32%
myself
32%
racing
32%
tendency
32%
Wants
32%
down
26%
fast
26%
slow
26%
tell
26%
feelings
21%
Maybe
21%
quite
21%
should
21%
these
21%
restraint
16%
show
16%
Try
16%
No matching quizzes found
Score Distribution
Percent of People with Each Score
Percentile by Number Answered
Your Score History
You have not taken this quiz